Loading...
Literature - American Literature | 0 | 11 | 0 | 2 | 110 | 41 | 72.73 | 2 | 6 |
Literature - World/Other Literature | 0 | 8 | 0 | 0 | 80 | 38 | 74.63 | 3 | 5 |
Literature - British Literature | 0 | 8 | 0 | 0 | 80 | 45 | 66.25 | 5 | 8 |
Literature - European Literature | 0 | 8 | 0 | 0 | 80 | 36 | 70.13 | 5 | 8 |
Science - Physics | 0 | 5 | 0 | 1 | 50 | 37 | 69.80 | 0 | 2 |
Science - Chemistry | 0 | 5 | 0 | 2 | 50 | 87 | 106.60 | 0 | 0 |
Mythology | 0 | 3 | 0 | 0 | 30 | 30 | 79.67 | 0 | 1 |
Science - Biology | 0 | 3 | 0 | 0 | 30 | 61 | 88.33 | 1 | 1 |
Social Science | 0 | 2 | 0 | 0 | 20 | 44 | 68.00 | 1 | 2 |
Religion | 0 | 2 | 0 | 0 | 20 | 64 | 68.50 | 0 | 2 |
Other Academic | 0 | 1 | 0 | 0 | 10 | 51 | 51.00 | 0 | 0 |
Philosophy | 0 | 1 | 0 | 0 | 10 | 70 | 70.00 | 0 | 0 |
Fine Arts - Visual Fine Arts | 0 | 1 | 0 | 0 | 10 | 49 | 49.00 | 1 | 1 |
History - Other History | 0 | 1 | 0 | 0 | 10 | 64 | 64.00 | 0 | 1 |
History - European History | 0 | 1 | 0 | 0 | 10 | 89 | 89.00 | 0 | 1 |
Science - Other Science | 0 | 1 | 0 | 0 | 10 | 72 | 72.00 | 0 | 1 |
History - American History | 0 | 1 | 0 | 0 | 10 | 86 | 86.00 | 0 | 1 |
History - World History | 0 | 1 | 0 | 0 | 10 | 40 | 40.00 | 0 | 1 |